Bharatiya Sanskriti Mein Srikrishna (Record no. 346565)

MARC details
000 -LEADER
fixed length control field 003830000a22001570004500
005 - DATE AND TIME OF LATEST TRANSACTION
control field 20120302054756.0
040 ## - CATALOGING SOURCE
Original cataloging agency HIN
245 ## - TITLE STATEMENT
Title Bharatiya Sanskriti Mein Srikrishna
260 ## - PUBLICATION, DISTRIBUTION, ETC. (IMPRINT)
Place of publication, distribution, etc Mathuraa:Srikrishna Janmasthana Sewaa Sansthaana,1987.
300 ## - PHYSICAL DESCRIPTION
Extent 8,192p.
365 ## - TRADE PRICE
Price amount 75/-
650 ## - SUBJECT ADDED ENTRY--TOPICAL TERM
Topical term or geographic name as entry element Sankirna
650 ## - SUBJECT ADDED ENTRY--TOPICAL TERM
Topical term or geographic name as entry element Bharatiya Saskriti
650 ## - SUBJECT ADDED ENTRY--TOPICAL TERM
Topical term or geographic name as entry element Srikrishna
942 ## - ADDED ENTRY ELEMENTS (KOHA)
Koha item type Book
Holdings
Withdrawn status Lost status Damaged status Not for loan Home library Current library Date acquired Total Checkouts Barcode Date last seen Price effective from
        Institute For Oriental Study, Thane Institute For Oriental Study, Thane 12/02/2009   IOS-3154 12/02/2009 12/02/2009